[Event "I Trofeo Giorgio Porreca"]
[Site "Napoli ITA"]
[Date "2011.09.22"]
[Round "1"]
[White "Buiano, Fabio"]
[Black "Seletsky, Grigory"]
[Result "0-1"]
[WhiteElo "2036"]
[BlackElo "2280"]
[PlyCount "64"]
[EventDate "2011.09.22"]

1. e4 e6 2. d4 d5 3. Nc3 Nf6 4. Bg5 Bb4 5. exd5 Qxd5 6. Bxf6 gxf6 7. Qd2 Nc6 8.
Nxd5 Bxd2+ 9. Kxd2 exd5 10. Re1+ Kf8 11. c3 Bf5 12. Bd3 Bg6 13. Nh3 Ne7 14. Nf4
c6 15. h4 Rg8 16. g3 Re8 17. Re2 Nc8 18. Rhe1 Rxe2+ 19. Rxe2 Nd6 20. h5 Be4 21.
b3 Rg5 22. Re1 h6 23. c4 Bxd3 24. Kxd3 dxc4+ 25. bxc4 Ra5 26. c5 Ra3+ 27. Kc2
Nb5 28. Kb2 Rf3 29. Re2 Nc3 30. Rd2 Ne4 31. Re2 Nxf2 32. Kc2 Ng4 0-1

[Event "I Trofeo Giorgio Porreca"]
[Site "Napoli ITA"]
[Date "2011.09.22"]
[Round "1"]
[White "Rosato, Luciano"]
[Black "Grasso, Nino"]
[Result "1-0"]
[WhiteElo "2251"]
[BlackElo "2003"]
[PlyCount "95"]
[EventDate "2011.09.22"]

1. d4 Nf6 2. Nf3 c5 3. d5 b5 4. a4 Qa5+ 5. Bd2 b4 6. c4 g6 7. Qc2 d6 8. e4 Nbd7
9. b3 Bg7 10. Ra2 O-O 11. Bd3 Ng4 12. O-O Nde5 13. Be2 f5 14. Bg5 Qc7 15. Nxe5
Bxe5 16. h3 Nf6 17. exf5 Bxf5 18. Bd3 e6 19. Nd2 Qd7 20. Bxf6 Bxf6 21. dxe6
Bxe6 22. Be4 Rae8 23. Qd3 Bg7 24. Bd5 Bxd5 25. Qxd5+ Qe6 26. Qxe6+ Rxe6 27. Nf3
Bc3 28. Rd1 Rf5 29. Kf1 Kf7 30. Re2 h6 31. Rxe6 Kxe6 32. Ke2 d5 33. g4 Rxf3 34.
cxd5+ Ke5 35. Kxf3 Bd4 36. d6 Kxd6 37. Ke4 Ke6 38. f4 Bf6 39. Rd5 c4 40. bxc4
b3 41. f5+ gxf5+ 42. gxf5+ Ke7 43. Rb5 b2 44. c5 a5 45. Rb7+ Kd8 46. Kd3 Kc8
47. Rb5 Kc7 48. Kc2 1-0

[Event "I Trofeo Giorgio Porreca"]
[Site "Napoli ITA"]
[Date "2011.09.22"]
[Round "1"]
[White "De Rosa, Francesco"]
[Black "Esposito, Luca"]
[Result "0-1"]
[WhiteElo "1968"]
[BlackElo "2235"]
[PlyCount "80"]
[EventDate "2011.09.22"]

1. e4 c5 2. Nf3 e6 3. d4 cxd4 4. Nxd4 Nc6 5. Nc3 Qc7 6. Be3 a6 7. Be2 Nf6 8.
Qd2 Bb4 9. f3 d5 10. Nxc6 bxc6 11. a3 Bd6 12. O-O-O Rb8 13. exd5 cxd5 14. Nb1
O-O 15. Qc3 Bxh2 16. Rd4 Be5 17. Qxc7 Bxc7 18. Rdh4 Bg3 19. R4h3 Be5 20. c3 Bd6
21. g4 e5 22. Bg5 Be7 23. Bxf6 Bxf6 24. Rxh7 Bg5+ 25. Nd2 Bh6 26. R7xh6 gxh6
27. Rxh6 f6 28. c4 Kg7 29. Rh1 d4 30. Ne4 Rb3 31. Kc2 Re3 32. Kd2 Be6 33. Nd6
Rb3 34. Kc1 Rfb8 35. Bd1 Rxb2 36. Bc2 Bg8 37. Nf5+ Kf8 38. Rh8 Ra2 39. Be4 d3
40. c5 Rc2+ 0-1

[Event "I Trofeo Giorgio Porreca"]
[Site "Napoli ITA"]
[Date "2011.09.22"]
[Round "1"]
[White "Capone, Vincenzo"]
[Black "Borrelli, Salvatore"]
[Result "1-0"]
[WhiteElo "2176"]
[BlackElo "1961"]
[PlyCount "49"]
[EventDate "2011.09.22"]

1. d4 d5 2. c4 c6 3. Nf3 Nf6 4. e3 e6 5. Bd3 Nbd7 6. Nbd2 Bd6 7. O-O O-O 8. b3
e5 9. cxd5 cxd5 10. dxe5 Nxe5 11. Be2 Bf5 12. Nd4 Bg6 13. f4 Nc6 14. f5 Nxd4
15. exd4 Ne4 16. Nxe4 dxe4 17. g3 e3 18. fxg6 Qg5 19. gxf7+ Rxf7 20. Bc4 Bxg3
21. Bxf7+ Kh8 22. Qf3 Bf2+ 23. Kh1 Qe7 24. Bxe3 Bxe3 25. Rae1 1-0

[Event "I Trofeo Giorgio Porreca"]
[Site "Napoli ITA"]
[Date "2011.09.22"]
[Round "1"]
[White "Cosenza, Gianni"]
[Black "De Rosa, Mariagrazia"]
[Result "1/2-1/2"]
[WhiteElo "1952"]
[BlackElo "2131"]
[PlyCount "39"]
[EventDate "2011.09.22"]

1. e4 c5 2. Nf3 d6 3. d4 cxd4 4. Nxd4 Nf6 5. Nc3 a6 6. Bg5 e6 7. f4 Qc7 8. Qe2
b5 9. a3 Bb7 10. g4 Be7 11. Bg2 Nc6 12. Nxc6 Bxc6 13. O-O-O Qb7 14. Rhg1 h6 15.
Bh4 Rb8 16. e5 dxe5 17. fxe5 Nd5 18. Nxd5 Bxh4 19. Nb4 Bxg2 20. Qxg2 1/2-1/2

[Event "I Trofeo Giorgio Porreca"]
[Site "Napoli ITA"]
[Date "2011.09.22"]
[Round "1"]
[White "Ambrosio, Giuseppe"]
[Black "Schiappoli, Dario"]
[Result "1-0"]
[WhiteElo "2059"]
[BlackElo "1929"]
[PlyCount "52"]
[EventDate "2011.09.22"]

1. d4 Nf6 2. Bg5 Ne4 3. Bf4 c5 4. d5 g5 5. Be5 f6 6. e3 Bg7 7. Qh5+ Kf8 8. Nc3
Qa5 9. Bd3 d6 10. Bxe4 dxe5 11. g4 Bd7 12. O-O-O Na6 13. Nge2 Rd8 14. f4 Be8
15. Qh3 h6 16. fxe5 b5 17. d6 e6 18. Rhf1 Kg8 19. exf6 Bf8 20. f7+ Bxf7 21.
Rxf7 Kxf7 22. Qh5+ Kf6 23. Qg6+ Ke5 24. Nf4 gxf4 25. exf4+ Kxf4 26. Qf6+ Ke3
1-0

[Event "I Trofeo Giorgio Porreca"]
[Site "Napoli ITA"]
[Date "2011.09.22"]
[Round "1"]
[White "Zinnai, Graziano Matteo"]
[Black "Ceglio, Fulvio"]
[Result "1/2-1/2"]
[WhiteElo "1907"]
[BlackElo "2040"]
[PlyCount "100"]
[EventDate "2011.09.22"]

1. e4 e6 2. d3 d5 3. Nd2 Nc6 4. c3 dxe4 5. dxe4 Bc5 6. Ngf3 Nf6 7. Be2 a5 8.
O-O e5 9. Qc2 h6 10. Nc4 Qe7 11. Be3 O-O 12. Rad1 Bg4 13. Bxc5 Qxc5 14. Ne3 Be6
15. c4 Rfd8 16. Qb1 Nd4 17. Nxd4 Rxd4 18. Rxd4 Qxd4 19. Bd3 c6 20. Rd1 Qc5 21.
b3 Rd8 22. Qb2 Bg4 23. Nxg4 Nxg4 24. a3 Rd4 25. b4 axb4 26. axb4 Qd6 27. Qb3 b6
28. Be2 Nf6 29. f3 Nd7 30. Kf2 Nf8 31. Rxd4 Qxd4+ 32. Qe3 c5 33. Qxd4 exd4 34.
bxc5 bxc5 35. f4 f6 36. g4 g5 37. Kg3 Kf7 38. h4 Nd7 39. Kf3 Ke6 40. Bf1 gxf4
41. Kxf4 Ne5 42. g5 fxg5+ 43. hxg5 hxg5+ 44. Kxg5 d3 45. Kf4 d2 46. Be2 d1=Q
47. Bxd1 Nd3+ 48. Ke3 Ne5 49. Be2 Kf6 50. Kf4 Nc6 1/2-1/2

[Event "I Trofeo Giorgio Porreca"]
[Site "Napoli ITA"]
[Date "2011.09.22"]
[Round "1"]
[White "Taurisano, Vincenzo"]
[Black "Condorelli, Pietro"]
[Result "0-1"]
[WhiteElo "1898"]
[BlackElo "1785"]
[PlyCount "68"]
[EventDate "2011.09.22"]

1. d4 Nf6 2. c4 e6 3. Nc3 d5 4. Bg5 c6 5. e3 h6 6. Bh4 dxc4 7. Bxc4 b5 8. Bd3
Be7 9. Nf3 Nbd7 10. O-O O-O 11. Rc1 a6 12. h3 Bb7 13. Re1 Re8 14. Bg3 Rc8 15.
Qe2 Qb6 16. e4 c5 17. dxc5 Nxc5 18. Bb1 b4 19. e5 bxc3 20. exf6 cxb2 21. Rxc5
Bxc5 22. fxg7 Bxf3 23. Qxf3 Bd4 24. Qg4 Rc1 25. Rf1 Qb5 26. Rd1 Rxd1+ 27. Qxd1
Qc5 28. Qd3 f5 29. Kh2 Bxf2 30. Bf4 Bg1+ 31. Kh1 Qc1 32. Bxc1 bxc1=Q 33. g4
Be3+ 34. Kg2 Qd2+ 0-1

[Event "I Trofeo Giorgio Porreca"]
[Site "Napoli ITA"]
[Date "2011.09.22"]
[Round "1"]
[White "Petteruti, Antonio"]
[Black "Gallo, Thomas Renato"]
[Result "0-1"]
[WhiteElo "1721"]
[BlackElo "1887"]
[PlyCount "128"]
[EventDate "2011.09.22"]

1. d4 d6 2. Nf3 Nf6 3. Bf4 c6 4. e3 Qb6 5. b3 g6 6. Be2 Bg7 7. O-O Nh5 8. Bg5
c5 9. c3 Nc6 10. Nbd2 cxd4 11. cxd4 O-O 12. Nc4 Qd8 13. Nfd2 Nf6 14. Rc1 Bd7
15. h3 b5 16. Nb2 a6 17. a3 Rc8 18. b4 Re8 19. Nd3 h6 20. Bf4 Nd5 21. Bg3 e5
22. dxe5 Nxe5 23. Rxc8 Qxc8 24. Nxe5 dxe5 25. Bf3 Nc3 26. Qb3 e4 27. Bd1 Be6
28. Qc2 Ne2+ 29. Kh2 Qxc2 30. Bxc2 Nxg3 31. fxg3 f5 32. Nb3 Rd8 33. Nc5 Bc4 34.
Rd1 Rxd1 35. Bxd1 Bb2 36. a4 Ba3 37. Nxa6 bxa4 38. Nc7 Bxb4 39. Bxa4 Bd2 40. g4
Bxe3 41. Nb5 Bc5 42. gxf5 gxf5 43. Nc3 e3 44. Bd1 Kg7 45. Ne2 Kg6 46. g3 Kf6
47. Kg2 Bd5+ 48. Kf1 Bf3 49. Nc3 Bb7 50. Ne2 Ba6 51. Kg2 Ke5 52. Nf4 Bb4 53.
Kf3 Kd4 54. Bc2 Bb7+ 55. Ke2 Bc8 56. Bd3 Bd2 57. Bb1 Bd7 58. Ba2 Ke5 59. Ng6+
Kf6 60. Nf4 Bc6 61. Nh5+ Kg5 62. Nf4 h5 63. Ne6+ Kf6 64. Nd4 Bd7 0-1

[Event "I Trofeo Giorgio Porreca"]
[Site "Napoli ITA"]
[Date "2011.09.22"]
[Round "1"]
[White "Avolio, Giovanni"]
[Black "Parise, Mariano"]
[Result "1-0"]
[WhiteElo "1879"]
[BlackElo "1709"]
[PlyCount "45"]
[EventDate "2011.09.22"]

1. c4 e5 2. Nc3 Nf6 3. g3 c6 4. d4 Qc7 5. dxe5 Qxe5 6. Nf3 Qc7 7. Bg2 h6 8. O-O
d6 9. e4 Be6 10. b3 Be7 11. Nd4 Nbd7 12. Nxe6 fxe6 13. Bh3 Kf7 14. Be3 Rhe8 15.
f4 Bf8 16. g4 Kg8 17. e5 dxe5 18. g5 exf4 19. gxf6 fxe3 20. f7+ Kh8 21. fxe8=Q
Rxe8 22. Rf7 Bd6 23. Qe2 1-0

[Event "I Trofeo Giorgio Porreca"]
[Site "Napoli ITA"]
[Date "2011.09.22"]
[Round "1"]
[White "Sgammato, Francesco"]
[Black "Donadio, Andrea"]
[Result "0-1"]
[WhiteElo "1698"]
[BlackElo "1872"]
[PlyCount "70"]
[EventDate "2011.09.22"]

1. c4 e6 2. Nc3 f5 3. Nf3 Nf6 4. g3 Be7 5. Bg2 O-O 6. O-O d6 7. d3 e5 8. c5 Nc6
9. cxd6 cxd6 10. Qb3+ Kh8 11. Ng5 Qe8 12. Be3 Nd8 13. Nb5 Qh5 14. Bf3 Ng4 15.
h4 Bxg5 16. Bxg5 Be6 17. Qa4 Nf7 18. Be7 Rfe8 19. Nc7 Rxe7 20. Nxa8 g5 21. Kg2
gxh4 22. Rh1 Ng5 23. Rxh4 Qg6 24. Qxa7 Nxf3 25. exf3 Bd5 26. Nb6 Bc6 27. Rah1
f4 28. Qa3 fxg3 29. Rxg4 Qxg4 30. d4 gxf2+ 31. Kxf2 Qxd4+ 32. Qe3 Qxb2+ 33. Kg3
Rg7+ 34. Kh4 Qg2 35. Rh3 Qg6 0-1

[Event "I Trofeo Giorgio Porreca"]
[Site "Napoli ITA"]
[Date "2011.09.22"]
[Round "1"]
[White "Esposito, Rosario"]
[Black "Di Gennaro, Antonio"]
[Result "1/2-1/2"]
[WhiteElo "1859"]
[BlackElo "1674"]
[PlyCount "43"]
[EventDate "2011.09.22"]

1. d4 d5 2. c4 e6 3. Nc3 c6 4. Nf3 Nf6 5. Bg5 h6 6. Bh4 dxc4 7. e4 g5 8. Bg3 b5
9. Be2 Bb7 10. O-O Nbd7 11. Ne5 h5 12. Nxd7 Qxd7 13. Be5 Rh6 14. f4 g4 15. Bxf6
Rxf6 16. e5 Rh6 17. Ne4 Be7 18. Nc5 Bxc5 19. dxc5 Qd5 20. Qxd5 cxd5 21. b4 d4
22. a4 1/2-1/2

[Event "I Trofeo Giorgio Porreca"]
[Site "Napoli ITA"]
[Date "2011.09.22"]
[Round "1"]
[White "Miccoli, Livio"]
[Black "Caiazzo, Diego"]
[Result "0-1"]
[WhiteElo "1670"]
[BlackElo "1856"]
[PlyCount "88"]
[EventDate "2011.09.22"]

1. e4 e6 2. Qe2 c5 3. Nc3 d6 4. g3 Nf6 5. Bg2 Be7 6. f4 Nc6 7. Nf3 a6 8. O-O
O-O 9. d3 Qc7 10. b3 Bd7 11. Bb2 Rad8 12. Rae1 Nd4 13. Qd2 Nxf3+ 14. Bxf3 Bc6
15. e5 Nd7 16. exd6 Bxd6 17. Ne4 Be7 18. Qc3 Nf6 19. Re2 b5 20. Qe1 Nxe4 21.
Bxe4 Bxe4 22. Rxe4 Rd7 23. Qe2 Qd8 24. f5 exf5 25. Rxf5 f6 26. Rg4 Rf7 27. Bc1
Rd5 28. Qe6 Rxf5 29. Qxf5 Qd6 30. Rh4 g6 31. Rg4 Qc6 32. Qf1 f5 33. Rf4 Bg5 34.
Rf2 Bxc1 35. Qxc1 Qe6 36. Qf1 Qe3 37. Kg2 Re7 38. g4 Qg5 39. Rf4 fxg4 40. Qf2
Qd5+ 41. Kg3 h5 42. Rf8+ Kh7 43. Qf6 Re3+ 44. Kf2 Rf3+ 0-1

[Event "I Trofeo Giorgio Porreca"]
[Site "Napoli ITA"]
[Date "2011.09.22"]
[Round "1"]
[White "Solombrino, Giovanni"]
[Black "Caporali, Dante"]
[Result "1-0"]
[WhiteElo "1850"]
[BlackElo "1577"]
[PlyCount "59"]
[EventDate "2011.09.22"]

1. e4 e6 2. d4 d5 3. Nd2 Nf6 4. e5 Nfd7 5. Bd3 c5 6. c3 Nc6 7. Ne2 Qb6 8. Nf3
cxd4 9. cxd4 f6 10. exf6 Nxf6 11. O-O Bd6 12. Ng3 O-O 13. a3 Bd7 14. b4 a6 15.
Be3 Rac8 16. Ne5 Qc7 17. f4 b5 18. Nh5 Be8 19. Nxf6+ Rxf6 20. Rc1 Rf8 21. Qg4
Qe7 22. Qh3 h6 23. Bg6 Rf6 24. Bd3 Bd7 25. Ng4 Rff8 26. Qg3 Kh8 27. Ne5 Bxe5
28. Qg6 Kg8 29. Qh7+ Kf7 30. Bg6+ 1-0

[Event "I Trofeo Giorgio Porreca"]
[Site "Napoli ITA"]
[Date "2011.09.22"]
[Round "1"]
[White "Sparice, Lorenzo"]
[Black "D'Errico, Francesco"]
[Result "0-1"]
[WhiteElo "1374"]
[BlackElo "1788"]
[PlyCount "82"]
[EventDate "2011.09.22"]

1. d4 d5 2. Nf3 Nf6 3. c4 c6 4. e3 Bf5 5. a3 e6 6. cxd5 exd5 7. Nbd2 Bd6 8. Be2
O-O 9. Nh4 Bc8 10. h3 Nbd7 11. Bd3 Re8 12. O-O Ne4 13. Nf5 Bf8 14. f3 Nef6 15.
e4 dxe4 16. Nxe4 Nb6 17. Bg5 Bxf5 18. Nxf6+ gxf6 19. Bxf5 fxg5 20. Qd3 h6 21.
f4 Bg7 22. Bg4 Qxd4+ 23. Qxd4 Bxd4+ 24. Kh1 Bxb2 25. Ra2 Bd4 26. fxg5 hxg5 27.
Bh5 Re7 28. g3 Nd5 29. Rd2 c5 30. Rf5 Ne3 31. Rxg5+ Kh8 32. Bf3 f6 33. Rh5+ Kg7
34. g4 Rh8 35. g5 Rxh5 36. gxf6+ Kxf6 37. Bxh5 Rg7 38. Rf2+ Ke7 39. Re2 Kd6 40.
Bf3 Nf1 41. Bg4 Rxg4 0-1

[Event "I Trofeo Giorgio Porreca"]
[Site "Napoli ITA"]
[Date "2011.09.29"]
[Round "2"]
[White "Seletsky, Grigory"]
[Black "Capone, Vincenzo"]
[Result "0-1"]
[WhiteElo "2280"]
[BlackElo "2176"]
[PlyCount "102"]
[EventDate "2011.09.22"]

1. e4 c5 2. Nf3 d6 3. c3 Nf6 4. h3 Nbd7 5. Qc2 Qc7 6. d3 g6 7. Be2 Bg7 8. O-O
O-O 9. Nh2 d5 10. f4 dxe4 11. dxe4 e5 12. f5 c4 13. g4 Rd8 14. g5 Ne8 15. Ng4
Nd6 16. Be3 b5 17. Nd2 Bb7 18. b4 cxb3 19. axb3 Rdc8 20. f6 Bf8 21. Rfc1 b4 22.
c4 Nb5 23. Nf2 Nd4 24. Qd1 Nc5 25. Bg4 Rd8 26. Rab1 Bc6 27. Qf1 Qb7 28. Bxd4
exd4 29. Re1 Re8 30. e5 h5 31. Bd1 d3 32. Re3 Rad8 33. h4 Bd6 34. Qe1 Bc7 35.
Bf3 Rd4 36. Nd1 Rf4 37. Kg2 Ne6 38. Kg3 Rf5 39. Nf2 Nf4 40. Bxc6 Qxc6 41. Nf3
Ne2+ 42. Kg2 Nd4 43. Qd1 Rexe5 44. Rxd3 Rxf3 45. Rxf3 Rf5 46. Qxd4 Qxf3+ 47.
Kg1 Bb6 48. c5 Bxc5 49. Qd8+ Kh7 50. Rf1 Bxf2+ 51. Kh2 Qg3+ 0-1

[Event "I Trofeo Giorgio Porreca"]
[Site "Napoli ITA"]
[Date "2011.09.29"]
[Round "2"]
[White "Esposito, Luca"]
[Black "Rosato, Luciano"]
[Result "0-1"]
[WhiteElo "2235"]
[BlackElo "2251"]
[PlyCount "94"]
[EventDate "2011.09.22"]

1. d4 d6 2. Nf3 g6 3. g3 Bg7 4. Bg2 Nf6 5. c4 O-O 6. Nc3 Nc6 7. O-O e5 8. d5
Ne7 9. e4 Nd7 10. Ne1 f5 11. Nd3 Nf6 12. Bg5 fxe4 13. Bxf6 Bxf6 14. Nxe4 Nf5
15. Qd2 Rf7 16. f4 exf4 17. Nxf6+ Qxf6 18. Nxf4 Qd4+ 19. Qxd4 Nxd4 20. Rad1 Nc2
21. Ne6 Bxe6 22. dxe6 Rxf1+ 23. Rxf1 Rf8 24. Rc1 Nd4 25. Rd1 Nc6 26. b3 Re8 27.
Bd5 Re7 28. c5 Kg7 29. cxd6 cxd6 30. a3 Kf6 31. Bc4 Rc7 32. Rf1+ Ke5 33. Rf7
Ne7 34. Rxh7 d5 35. Bf1 Kxe6 36. Rh4 Nc6 37. Bg2 Ke5 38. Rg4 Ne7 39. h4 Rc3 40.
Rg5+ Kf6 41. Bxd5 Nxd5 42. Rxd5 Rxg3+ 43. Kh2 Rxb3 44. Ra5 a6 45. Ra4 Re3 46.
Kg2 Kf5 47. Rb4 b5 0-1

[Event "I Trofeo Giorgio Porreca"]
[Site "Napoli ITA"]
[Date "2011.09.29"]
[Round "2"]
[White "Ceglio, Fulvio"]
[Black "Capozzoli, Silvio"]
[Result "1-0"]
[WhiteElo "2040"]
[BlackElo "1904"]
[PlyCount "71"]
[EventDate "2011.09.22"]

1. d4 Nf6 2. c4 d6 3. Nc3 e5 4. Nf3 e4 5. Ng5 Bf5 6. f3 exf3 7. gxf3 h6 8. Nh3
Nh5 9. Nf2 Be7 10. e4 Bd7 11. Be3 Bh4 12. Qd2 Qf6 13. O-O-O c6 14. Nd3 Qe7 15.
f4 Nf6 16. e5 Ng4 17. Bg2 Bf5 18. Be4 Bxe4 19. Nxe4 dxe5 20. dxe5 Na6 21. Nd6+
Kf8 22. h3 Nxe3 23. Qxe3 g6 24. Kb1 Kg7 25. Rhg1 Kh7 26. Rdf1 f5 27. a3 Rad8
28. Qxa7 Rd7 29. Rg2 Rhd8 30. Rfg1 Rxd6 31. exd6 Rxd6 32. Ne5 g5 33. Qe3 Nc7
34. Rd2 gxf4 35. Qxf4 Bg5 36. Qxf5+ 1-0

[Event "I Trofeo Giorgio Porreca"]
[Site "Napoli ITA"]
[Date "2011.09.29"]
[Round "2"]
[White "Zinnai, Graziano Matteo"]
[Black "Cosenza, Gianni"]
[Result "1-0"]
[WhiteElo "1907"]
[BlackElo "1952"]
[PlyCount "61"]
[EventDate "2011.09.22"]

1. e4 e6 2. d3 d5 3. Nd2 c5 4. c3 a5 5. Ngf3 Nc6 6. g3 g6 7. Qe2 Nge7 8. Bg2
Bg7 9. O-O O-O 10. e5 b6 11. Re1 Ba6 12. Nf1 h6 13. h4 Qc7 14. Bf4 Kh7 15. N1h2
Rfd8 16. Ng4 Nf5 17. Nf6+ Kh8 18. g4 Nxh4 19. g5 Nf5 20. Bh3 h5 21. Kg2 Nce7
22. Rh1 d4 23. c4 Bb7 24. Bg4 Nh6 25. Bxh5 Bxf6 26. gxf6 gxh5 27. Bxh6 Ng6 28.
Rxh5 Kg8 29. Rah1 Qc6 30. Bg7 Nf4+ 31. Kg1 1-0

[Event "I Trofeo Giorgio Porreca"]
[Site "Napoli ITA"]
[Date "2011.09.29"]
[Round "2"]
[White "Donadio, Andrea"]
[Black "Buiano, Fabio"]
[Result "0-1"]
[WhiteElo "1872"]
[BlackElo "2036"]
[PlyCount "50"]
[EventDate "2011.09.22"]

1. Nf3 d6 2. d4 Bg4 3. Bf4 Nd7 4. h3 Bxf3 5. exf3 e5 6. Be3 g6 7. c3 Bg7 8. Nd2
Ne7 9. Qb3 b6 10. Ne4 exd4 11. Bxd4 Bxd4 12. cxd4 d5 13. Ng3 O-O 14. Bd3 c5 15.
Qc3 Nc6 16. dxc5 Re8+ 17. Ne2 bxc5 18. O-O c4 19. Nc1 Re6 20. Bc2 Qg5 21. b3
Nde5 22. bxc4 d4 23. Qa3 Nxc4 24. Qd3 Nd2 25. Rd1 Ne5 0-1

[Event "I Trofeo Giorgio Porreca"]
[Site "Napoli ITA"]
[Date "2011.09.29"]
[Round "2"]
[White "Grasso, Nino"]
[Black "Avolio, Giovanni"]
[Result "1-0"]
[WhiteElo "2003"]
[BlackElo "1879"]
[PlyCount "95"]
[EventDate "2011.09.22"]

1. e4 d6 2. d4 Nf6 3. Nc3 e5 4. Nf3 Bg4 5. dxe5 Bxf3 6. Qxf3 dxe5 7. Qg3 Nbd7
8. Be3 c6 9. Bc4 b5 10. Bb3 g6 11. Rd1 Bg7 12. O-O Qe7 13. f3 O-O 14. Qf2 a6
15. Rd3 c5 16. Nd5 Nxd5 17. Bxd5 Rab8 18. Bc6 Rfd8 19. Rfd1 Nf6 20. Bxc5 Rxd3
21. Rxd3 Qe6 22. Bd5 Nxd5 23. Rxd5 Bf8 24. b3 Bxc5 25. Rxc5 Rd8 26. h3 Kg7 27.
Kh2 Rd4 28. Qg3 Rd2 29. Qg5 Qd6 30. Qe3 Rd1 31. Qc3 Qd4 32. Qxd4 exd4 33. a4
bxa4 34. bxa4 Rc1 35. Rc4 d3 36. cxd3 Ra1 37. d4 Kf6 38. Rc6+ Ke7 39. Rxa6 h5
40. Kg3 Rd1 41. d5 Rd2 42. h4 f6 43. Re6+ Kf7 44. a5 Rd3 45. a6 f5 46. Kf4 fxe4
47. fxe4 Ra3 48. Rc6 1-0

[Event "I Trofeo Giorgio Porreca"]
[Site "Napoli ITA"]
[Date "2011.09.29"]
[Round "2"]
[White "Caiazzo, Diego"]
[Black "De Rosa, Francesco"]
[Result "1/2-1/2"]
[WhiteElo "1856"]
[BlackElo "1968"]
[PlyCount "120"]
[EventDate "2011.09.22"]

1. c4 e6 2. Nc3 d5 3. cxd5 exd5 4. d4 Nf6 5. Nf3 c6 6. Bg5 Be7 7. e3 h6 8. Bh4
Bf5 9. Bd3 Bxd3 10. Qxd3 Nbd7 11. O-O O-O 12. a3 Re8 13. Rfc1 Nb6 14. Nd2 Ne4
15. Bxe7 Qxe7 16. Ncxe4 dxe4 17. Qe2 Qe6 18. Nc4 Nd5 19. Ne5 Rac8 20. b4 f6 21.
Nc4 Rc7 22. Rc2 f5 23. Rac1 f4 24. Ne5 fxe3 25. fxe3 a6 26. Rf1 Rf8 27. Rxf8+
Kxf8 28. Qf2+ Qf6 29. Ng6+ Kg8 30. Nf4 Qd6 31. Nxd5 cxd5 32. Rc5 b6 33. Rc2 Qd8
34. Qe2 Rxc2 35. Qxc2 Qg5 36. Qf2 Qf6 37. Qxf6 gxf6 38. Kf2 Kf7 39. Kg3 Ke6 40.
Kf4 h5 41. g3 b5 42. h3 Ke7 43. Kf5 Kf7 44. h4 Ke7 45. Kg6 Ke6 46. Kxh5 Kf7 47.
Kg4 Kg6 48. h5+ Kh6 49. Kf5 Kxh5 50. g4+ Kh4 51. Kxf6 Kxg4 52. Ke5 Kf3 53. Kxd5
Kxe3 54. Kc5 Kf3 55. d5 e3 56. d6 e2 57. d7 e1=Q 58. d8=Q Qc3+ 59. Kb6 Qxa3 60.
Qa8+ Kf2 1/2-1/2

[Event "I Trofeo Giorgio Porreca"]
[Site "Napoli ITA"]
[Date "2011.09.29"]
[Round "2"]
[White "Borrelli, Salvatore"]
[Black "Solombrino, Giovanni"]
[Result "1-0"]
[WhiteElo "1961"]
[BlackElo "1850"]
[PlyCount "89"]
[EventDate "2011.09.22"]

1. d4 d5 2. Nf3 c6 3. e3 Bf5 4. c4 e6 5. cxd5 exd5 6. Qb3 Qb6 7. Nc3 Qxb3 8.
axb3 Nf6 9. Be2 Bd6 10. O-O O-O 11. Ne1 Nbd7 12. Na4 h6 13. Nd3 Rfe8 14. Rd1
Ne4 15. f3 Nef6 16. Bd2 g5 17. b4 g4 18. Nac5 gxf3 19. gxf3 Nxc5 20. bxc5 Bc7
21. Ra2 Kh7 22. Rda1 Rg8+ 23. Kh1 Bh3 24. Bf1 Bxf1 25. Rxf1 Rg7 26. Rg1 a6 27.
Rxg7+ Kxg7 28. Be1 Re8 29. Bf2 Nh7 30. Ra3 Re7 31. Rb3 Ng5 32. Kg2 Ba5 33. Be1
Bxe1 34. Nxe1 f5 35. h4 Nf7 36. Kf2 h5 37. Nd3 Kg6 38. Rc3 Kh6 39. Rc1 Nd8 40.
Rg1 Rg7 41. Rxg7 Kxg7 42. Kg3 Ne6 43. Nf4 Nxf4 44. Kxf4 Kf6 45. b4 1-0

[Event "I Trofeo Giorgio Porreca"]
[Site "Napoli ITA"]
[Date "2011.09.29"]
[Round "2"]
[White "Gallo, Thomas Renato"]
[Black "D'Errico, Francesco"]
[Result "1-0"]
[WhiteElo "1887"]
[BlackElo "1788"]
[PlyCount "163"]
[EventDate "2011.09.22"]

1. d4 d5 2. Bf4 Nf6 3. e3 c5 4. c3 Qb6 5. Qb3 Nc6 6. Nf3 c4 7. Qc2 Bf5 8. Qc1
e6 9. h3 h6 10. Nbd2 Qd8 11. Be2 Bd6 12. Bxd6 Qxd6 13. b3 cxb3 14. axb3 O-O 15.
Qa3 Qxa3 16. Rxa3 a6 17. O-O Rac8 18. Rc1 Rc7 19. c4 Rfc8 20. c5 Re8 21. Nh4
Bh7 22. f4 Ne4 23. Nxe4 Bxe4 24. Ra4 f6 25. b4 e5 26. b5 axb5 27. Bxb5 exf4 28.
exf4 Ree7 29. Kf2 Kf7 30. Rc3 Bh7 31. Re3 g5 32. fxg5 hxg5 33. Rxe7+ Rxe7 34.
Nf3 Re6 35. g3 Be4 36. Nd2 Bf5 37. g4 Bc2 38. Bxc6 bxc6 39. Ra7+ Re7 40. Rxe7+
Kxe7 41. Kg3 Kf7 42. Nf1 Kg6 43. Ne3 Be4 44. h4 gxh4+ 45. Kxh4 Bd3 46. Ng2 Ba6
47. Nf4+ Kh6 48. Ne6 Bc8 49. Nd8 Bd7 50. Nb7 Kg6 51. Nd6 Kh6 52. Nf7+ Kg6 53.
Nd8 Kh6 54. Nb7 Kg6 55. Na5 Kh6 56. Nb3 Kg6 57. Nd2 Kh6 58. Kg3 Kg6 59. Kf4 Bc8
60. Nf3 Bd7 61. g5 fxg5+ 62. Nxg5 Kf6 63. Nf3 Bc8 64. Ne5 Bb7 65. Ng4+ Ke6 66.
Kg5 Ba6 67. Ne5 Bb7 68. Kg6 Ke7 69. Nf7 Kd7 70. Kf6 Ba6 71. Ne5+ Kc7 72. Ke7
Bc4 73. Nd7 Bf1 74. Nf8 Bh3 75. Ke8 Bg4 76. Ng6 Bh3 77. Nf4 Bg4 78. Ke7 Bf5 79.
Ne6+ Kc8 80. Kd6 Bxe6 81. Kxe6 Kc7 82. Ke7 1-0

[Event "I Trofeo Giorgio Porreca"]
[Site "Napoli ITA"]
[Date "2011.09.29"]
[Round "2"]
[White "Condorelli, Pietro"]
[Black "Accardo, Francesco"]
[Result "1-0"]
[WhiteElo "1785"]
[BlackElo "1855"]
[PlyCount "57"]
[EventDate "2011.09.22"]

1. e4 a6 2. d4 b5 3. a4 b4 4. b3 e6 5. c4 a5 6. h3 Na6 7. Nf3 Bb7 8. Bd3 d6 9.
Qe2 Be7 10. Nbd2 c6 11. Nf1 Nf6 12. Ng3 Nd7 13. O-O g5 14. e5 dxe5 15. dxe5 h5
16. Rd1 g4 17. Nd4 gxh3 18. Nxe6 fxe6 19. Bg6+ Kf8 20. Qf3+ Bf6 21. Rxd7 Qxd7
22. Qxf6+ Kg8 23. Be3 Rf8 24. Qg5 Qg7 25. Ne4 Rb8 26. Rd1 c5 27. Nf6+ Kf8 28.
Nd7+ Kg8 29. Nxb8 1-0

[Event "I Trofeo Giorgio Porreca"]
[Site "Napoli ITA"]
[Date "2011.09.29"]
[Round "2"]
[White "Somma, Andrea"]
[Black "Esposito, Rosario"]
[Result "0-1"]
[WhiteElo "1781"]
[BlackElo "1859"]
[PlyCount "120"]
[EventDate "2011.09.22"]

1. e4 c5 2. Nf3 e6 3. d3 Nc6 4. c3 g6 5. Nbd2 Bg7 6. g3 Nge7 7. Bg2 O-O 8. O-O
d6 9. Re1 b5 10. Nf1 Rb8 11. d4 b4 12. Be3 bxc3 13. bxc3 Qa5 14. Qd2 Ba6 15.
Bh6 cxd4 16. Bxg7 Kxg7 17. Nxd4 Ne5 18. Nb3 Qc7 19. Ne3 Rfc8 20. Red1 Rd8 21.
f4 Nc4 22. Nxc4 Bxc4 23. Qd4+ e5 24. fxe5 dxe5 25. Qc5 Qxc5+ 26. Nxc5 Rbc8 27.
Nb7 Rd3 28. Rxd3 Bxd3 29. Rd1 Rb8 30. Nc5 Bc4 31. Nd7 Rb5 32. a4 Ra5 33. Rc1
Be6 34. Rd1 Bxd7 35. Rxd7 Nc6 36. Rc7 Rc5 37. Bh3 Rxc3 38. Bd7 Rc1+ 39. Kf2
Rc2+ 40. Ke3 Nd4 41. Rxc2 Nxc2+ 42. Kd3 Nd4 43. Kc4 f5 44. Kd5 Kf6 45. a5 Nf3
46. exf5 gxf5 47. g4 e4 48. Bxf5 e3 49. Bd3 Ng1 50. Kc6 e2 51. Bxe2 Nxe2 52.
Kb7 Nd4 53. a6 Nc2 54. Kxa7 Nb4 55. Kb6 Nxa6 56. Kxa6 Kg5 57. Kb5 Kxg4 58. Kc4
Kh3 59. Kd3 Kxh2 60. Ke3 Kg3 0-1

[Event "I Trofeo Giorgio Porreca"]
[Site "Napoli ITA"]
[Date "2011.09.29"]
[Round "2"]
[White "Di Gennaro, Antonio"]
[Black "Sciaudone, Francesco"]
[Result "0-1"]
[WhiteElo "1674"]
[BlackElo "1825"]
[PlyCount "86"]
[EventDate "2011.09.22"]

1. e4 e5 2. Nf3 Nc6 3. Bb5 d6 4. d4 Bd7 5. Nc3 Be7 6. O-O Nf6 7. Re1 O-O 8.
Bxc6 bxc6 9. h3 exd4 10. Nxd4 Re8 11. Qd3 h6 12. Bf4 Nh7 13. Bg3 Rb8 14. Reb1
Bf6 15. Nf3 Ng5 16. Nh2 Bxc3 17. bxc3 Rxb1+ 18. Rxb1 Nxe4 19. Rb7 Nxg3 20. Qxg3
Re1+ 21. Nf1 c5 22. f4 Qe8 23. Qf2 Re2 24. Rb8 Qxb8 25. Qxe2 Bb5 26. c4 Ba6 27.
c3 d5 28. Ne3 Qe8 29. Qf2 dxc4 30. Nd5 c6 31. Nc7 Qc8 32. Nxa6 Qxa6 33. Qxc5
Qb6 34. Qxb6 axb6 35. Kf2 f5 36. Ke3 c5 37. Kd2 Kf7 38. Ke2 Ke6 39. Ke3 Kd5 40.
Kf3 b5 41. a3 g6 42. h4 Kc6 43. g4 fxg4+ 0-1